000 01295cam a2200325 a 4500
999 _c7038
_d7038
001 1215472
003 GBCCL
005 20241126110618.0
008 990216s1998 ilu b 001 0 eng
010 _a 99173615
020 _a0802409008
040 _aDLC
_cDLC
_dDLC
050 0 0 _aBS2785.3
_b.M33 1998
082 0 0 _a225.77
_221
_bMAC
100 1 _aMacArthur, John,
_d1939-
_91165
245 1 0 _aJames /
_cJohn MacArthur, Jr.
250 _aIndian edition
260 _aChicago, Ill. :
_bMoody Press,
_cc1998.
300 _aviii, 308 p. ;
_c24 cm.
490 1 _aThe MacArthur New Testament commentary
504 _aIncludes bibliographical references (p. 291-292) and indexes.
630 0 0 _aBible.
_pJames
_vCommentaries.
_912474
800 1 _aMacArthur, John,
_d1939-
_tMacArthur New Testament commentary.
_912401
856 4 2 _3Publisher description
_uhttp://www.loc.gov/catdir/enhancements/fy0609/99173615-d.html
856 4 1 _3Table of contents only
_uhttp://www.loc.gov/catdir/enhancements/fy1202/99173615-t.html
856 4 2 _3Contributor biographical information
_uhttp://www.loc.gov/catdir/enhancements/fy1202/99173615-b.html
906 _a7
_bcbc
_corignew
_d2
_encip
_f19
_gy-gencatlg
942 _2ddc
_cREF